<?xml version="1.0" encoding="UTF-8"?>
<collection xmlns="http://www.loc.gov/MARC21/slim">
 <record>
  <leader>02068nab a2200229 i 4500</leader>
  <controlfield tag="001">acta3890</controlfield>
  <controlfield tag="005">20220915145236.0</controlfield>
  <controlfield tag="008">161015s2001    hu      o     0||   hun d</controlfield>
  <datafield tag="022" ind1=" " ind2=" ">
   <subfield code="a">0586-3716</subfield>
  </datafield>
  <datafield tag="040" ind1=" " ind2=" ">
   <subfield code="a">SZTE Egyetemi Kiadványok Repozitórium</subfield>
   <subfield code="b">hun</subfield>
  </datafield>
  <datafield tag="041" ind1=" " ind2=" ">
   <subfield code="a">hun</subfield>
  </datafield>
  <datafield tag="041" ind1=" " ind2=" ">
   <subfield code="a">ger</subfield>
  </datafield>
  <datafield tag="100" ind1="2" ind2=" ">
   <subfield code="a">B. Székely Gábor</subfield>
  </datafield>
  <datafield tag="245" ind1="1" ind2="2">
   <subfield code="a">A finnugor műveltető mondatszerkezet rekonstrukciójáról</subfield>
   <subfield code="h">[elektronikus dokumentum] /</subfield>
   <subfield code="c"> B. Székely Gábor</subfield>
  </datafield>
  <datafield tag="260" ind1=" " ind2=" ">
   <subfield code="c">2001</subfield>
  </datafield>
  <datafield tag="300" ind1=" " ind2=" ">
   <subfield code="a">279-283</subfield>
  </datafield>
  <datafield tag="490" ind1="0" ind2=" ">
   <subfield code="a">Acta Universitatis Szegediensis : sectio ethnographica et linguistica = néprajz és nyelvtudomány = étnografiâ i azykoznanie = Volkskunde und Sprachwissenschaft</subfield>
   <subfield code="v">41</subfield>
  </datafield>
  <datafield tag="520" ind1="3" ind2=" ">
   <subfield code="a">Der morphologische Marker für den causee von Kausativkonstruktionen ist laut der Analyse finnougrischer Sprachen, wie ausführlich von Mikola dargestellt (1995), das Flexionssuffix mit der dynamischen Bedeutung DatLat. Das Finnische, das Estnische und das Ungarische verwenden in der ähnliche Rolle die Flexionssuffixe in der Bedeutung Adess, Gen und Comit. Verfasser weist darauf hin, dass die ursprüngliche Bedeutung -vEl trotz der allgemeinen Meinung nicht der Lativ, sondern der Lokativ ist. Wogulisch -n in dieser Konstruktion kein Lativsuffix, sondern ein Lokativsuffix, und diese Bedeutung lässt sich dadurch unterstützen, dass im Wogulischen in dieser Rolle auch die Postposition jot 'mit, zusammen mit' und xosit(dl) 'durch, vermittels' gebräuchlich sind. Auch der ostjakische Agentmarker -n kann angeführt werden, da er dem Ursprung nach ein Lokativ ist. Nach all dem rekonstruiert Verfasser auch eine andere finnougrische Kausativkonstruktion, deren causee das Flexionssuffix mit der Bedeutung Loc (jemand lässt jemand etwas machen) ist, und er hält in den finnougrischen Sprachen weitere Untersuchungen zum Ursprung des Markers für den causee für notwendig.</subfield>
  </datafield>
  <datafield tag="650" ind1=" " ind2="4">
   <subfield code="a">Bölcsészettudományok</subfield>
  </datafield>
  <datafield tag="650" ind1=" " ind2="4">
   <subfield code="a">Nyelvek és irodalom</subfield>
  </datafield>
  <datafield tag="695" ind1=" " ind2=" ">
   <subfield code="a">Finnugor nyelvek - mondattan</subfield>
  </datafield>
  <datafield tag="856" ind1="4" ind2="0">
   <subfield code="u">http://acta.bibl.u-szeged.hu/3890/1/etno_lingu_041_279-283.pdf</subfield>
   <subfield code="z">Dokumentum-elérés </subfield>
  </datafield>
 </record>
</collection>
